LIBRARY & INFORMATION CENTRE, KCAET, TAVANUR

ONLINE PUBLIC ACCESS CATALOGUE (OPAC)

Ensuring sustainable livelihood : Challenges for governments, corporate and civil society at Riotio / (Record no. 68)

MARC details
000 -LEADER
fixed length control field 00569cam a2200205ua 4500
020 ## - INTERNATIONAL STANDARD BOOK NUMBER
ISBN 81-7993-002-5
041 ## - LANGUAGE CODE
Language code of text/sound track or separate title eng
082 ## - DEWEY DECIMAL CLASSIFICATION NUMBER
Classification number 028.74333
Item number PAC/EN
100 ## - MAIN ENTRY--AUTHOR NAME
Personal name Pachauri, R K .
245 ## - TITLE STATEMENT
Title Ensuring sustainable livelihood : Challenges for governments, corporate and civil society at Riotio /
250 ## - EDITION STATEMENT
Edition statement 1 /
260 ## - PUBLICATION, DISTRIBUTION, ETC. (IMPRINT)
Place of publication India :
Name of publisher Tata Energy Research Institute ,
Year of publication 2002.
300 ## - PHYSICAL DESCRIPTION
Number of Pages 411 ; .
650 ## - SUBJECT ADDED ENTRY--TOPICAL TERM
Topical Term Proceedings
942 ## - ADDED ENTRY ELEMENTS (KOHA)
Koha item type Books
003 - CONTROL NUMBER IDENTIFIER
control field @
003 - CONTROL NUMBER IDENTIFIER
control field OSt
Holdings
Withdrawn status Lost status Damaged status Home library Current library Date acquired Full call number Accession Number Koha item type
      KAUAET KAUAET 07/04/2012 028.74333 20744 Books
free website counter